Sports Quiz

Random Sports or Football Quiz
Score 0/10 Timer 01:00
0 Plays Today
Home Team Score Line % Correct
Manchester United0-1
91.5%
Norwich4-5
90.2%
Crystal Palace1-3
87.8%
Leicester3-0
85.4%
Watford2-1
82.9%
Arsenal0-1
79.3%
Sunderland1-1
76.8%
West Brom0-0
74.4%
West Ham2-2
72%
Everton1-2
72%
Come Together.
Have Fun.
All Virtual.
We all need to come together. Play Sporcle's virtual live trivia to have fun, connect with people, and get your trivia on. Join a live hosted trivia game for your favorite pub trivia experience done virtually. If a virtual private party is more your thing, go here for details.

You're not logged in!

Compare scores with friends on all Sporcle quizzes.
OR
Log In

Sporcle TV

Today on Sporcle TV


Watch our educational content, quiz creation guides, and fun videos on Sporcle TV.

Show Comments

Extras

Top Quizzes Today


Score Distribution

Paid Content

Your Account Isn't Verified!

In order to create a playlist on Sporcle, you need to verify the email address you used during registration. Go to your Sporcle Settings to finish the process.

Report this User

Report this user for behavior that violates our Community Guidelines.

Details: